| 000 | 00437nam a22001577a 4500 | ||
|---|---|---|---|
| 005 | 20240108115823.0 | ||
| 008 | 190405b xxu||||| |||| 00| 0 eng d | ||
| 020 | _a978-81-85790-63-9 | ||
| 041 | _aeng | ||
| 100 |
_aGOKHALE, S.B. , GATTANI,S.G AND BAKLIWAL,S.R _98292 |
||
| 245 | _aPRACTICAL PHARMACEUTICS FOR FIRST YEAR BACHELOR OF PHARMACY | ||
| 260 |
_aPUNE _bNIRALI PRAKASHAN |
||
| 300 | _aB.1 | ||
| 650 | _aPHARMACY | ||
| 942 | _cBK | ||
| 999 |
_c5819 _d5817 |
||